| 000 | nam a22 a 4500 | ||
|---|---|---|---|
| 999 |
_c1973 _d1973 |
||
| 003 | AKMAL | ||
| 005 | 20170512155817.0 | ||
| 008 | 170512s1981 enka 00 eng d | ||
| 020 |
_a0803915659 (pbk): _cFree |
||
| 020 | _cUnpriced | ||
| 040 |
_aAKMAL _cAKMAL |
||
| 082 | 0 | 4 |
_a352.1 BAH _219 |
| 090 | 0 | 0 |
_a352.1 _bBAH |
| 245 | 0 | 0 |
_aUrban government finance : _bemerging trends / _cedited by Roy Bahl |
| 260 |
_aBeverly Hills; _aLondon : _bSage, _cc1981 |
||
| 300 | 0 | 0 |
_a287p : _bill ; _c22cm + _ecased |
| 490 | 1 |
_aUrban affairs annual reviews ; _vv.20 |
|
| 504 | _aIncludes bibliographies | ||
| 650 | 0 |
_aMunicipal finance _zUnited States _94079 |
|
| 690 | 0 | 0 |
_z00030 _dUnited States _z11030 _acities _z21030 _alocal government _z21030 _afinance _94080 |
| 691 | 0 | 0 |
_a2401398 _94081 |
| 700 | 1 |
_aBahl, Roy W. _94082 |
|
| 830 | 0 |
_aUrban affairs reviews ; _vv.20 _94083 |
|
| 942 |
_2ddc _cBOOK |
||